[Event "Mirandola Giovanni Pico op 4th"]
[Site "Mirandola"]
[Date "2011.01.15"]
[Round "2"]
[White "Raisi, Michele"]
[Black "Vitiello, Luigi"]
[Result "1/2-1/2"]
[WhiteElo "1525"]
[BlackElo "1850"]
[PlyCount "79"]
[EventDate "2011.01.14"]
[EventType "swiss"]
[EventRounds "5"]
[EventCountry "ITA"]
[SourceTitle "EXT 2012"]
[Source "ChessBase"]
[SourceDate "2011.11.24"]
[SourceVersion "1"]
[SourceVersionDate "2011.11.24"]
[SourceQuality "1"]

1. e4 e5 2. Nf3 Nc6 3. Bc4 Nf6 4. Nc3 Nxe4 5. Nxe4 d5 6. Bd3 dxe4 7. Bxe4 Nd4 8. Nxd4 exd4 9. Qf3 c6 10. 0-0 Be7 11. Re1 0-0 12. a4 Rb8 13. b3 Be6 14. d3 f5 15. Bxc6 Bxb3 16. cxb3 bxc6 17. Qxc6 Rb6 18. Qc4+ Kh8 19. a5 Rb4 20. Qe6 Rb7 21. Re5 Rf6 22. Qd5 Qxd5 23. Rxd5 Rxb3 24. Rxd4 Rd6 25. Rxd6 Bxd6 26. d4 a6 27. g3 Rd3 28. Be3 h6 29. Rc1 Bb4 30. Rc6 Bxa5 31. Rxa6 Bc3 32. Ra3 Rd1+ 33. Kg2 Bxd4 34. Bxd4 Rxd4 35. Ra7 Kh7 36. Ra6 Rg4 37. f4 Rg6 38. Rxg6 Kxg6 39. Kf3 Kf6 40. Ke3 1/2-1/2

[Event "Mirandola Giovanni Pico op 2nd"]
[Site "Mirandola"]
[Date "2009.01.10"]
[Round "3"]
[White "Raisi, Michele"]
[Black "Salvioli, Alessandro"]
[Result "0-1"]
[WhiteElo "1462"]
[BlackElo "1875"]
[PlyCount "102"]
[EventDate "2009.01.09"]
[EventType "swiss"]
[EventRounds "5"]
[EventCountry "ITA"]
[SourceTitle "EXT 2011"]
[Source "ChessBase"]
[SourceDate "2010.11.26"]
[SourceVersion "1"]
[SourceVersionDate "2010.11.26"]
[SourceQuality "1"]

1. e4 c5 2. Nf3 e6 3. d4 cxd4 4. Nxd4 a6 5. Bd3 Nc6 6. Nxc6 bxc6 7. Nd2 d5 8. 0-0 Bc5 9. Nf3 Qc7 10. Re1 Ne7 11. Be3 Bxe3 12. Rxe3 Bb7 13. e5 c5 14. c3 Rb8 15. Qc2 h6 16. Rd1 Qb6 17. Be2 Nf5 18. Red3 Bc6 19. g4 Ne7 20. Rb1 Ng6 21. Re3 Bb5 22. Bxb5+ axb5 23. Qd2 h5 24. g5 h4 25. b4 c4 26. Nd4 Ra8 27. Re2 Ne7 28. f4 g6 29. Kg2 Nc6 30. Nxc6 Qxc6 31. Qd4 Kd7 32. Reb2 Ra3 33. Rc1 Kc7 34. Kh3 Qb6 35. Qxb6+ Kxb6 36. Rcc2 d4 37. Rd2 Rxc3+ 38. Kg2 Rd8 39. Rb1 Ra3 40. Rbd1 c3 41. Rc2 d3 42. Rcc1 Rxa2+ 43. Kh3 d2 44. Rxc3 Rb2 45. Kxh4 Rxb4 46. Kg4 Rc4 47. Rxc4 bxc4 48. Kf3 c3 49. Ke2 c2 50. Rxd2 c1Q 51. Rxd8 Qxf4 0-1

[Event "Mirandola Giovanni Pico op 2nd"]
[Site "Mirandola"]
[Date "2009.01.10"]
[Round "2"]
[White "Solinas, Roberto"]
[Black "Raisi, Michele"]
[Result "1/2-1/2"]
[WhiteElo "1773"]
[BlackElo "1462"]
[PlyCount "126"]
[EventDate "2009.01.09"]
[EventType "swiss"]
[EventRounds "5"]
[EventCountry "ITA"]
[SourceTitle "EXT 2011"]
[Source "ChessBase"]
[SourceDate "2010.11.26"]
[SourceVersion "1"]
[SourceVersionDate "2010.11.26"]
[SourceQuality "1"]

1. d4 e6 2. Nf3 Nf6 3. Nbd2 d5 4. e3 a6 5. Bd3 Nbd7 6. 0-0 c5 7. c3 Bd6 8. Re1 0-0 9. e4 dxe4 10. Nxe4 Nxe4 11. Rxe4 b6 12. Rh4 h6 13. Bxh6 gxh6 14. Rxh6 Bf4 15. Rh3 cxd4 16. Bh7+ Kg7 17. Qxd4+ e5 18. Qe4 Nf6 19. Qxa8 Bxh3 20. Qxa6 Kxh7 21. gxh3 e4 22. Nd4 Nd5 23. Qe2 Qg5+ 24. Qg4 Qxg4+ 25. hxg4 Kg6 26. Kg2 Rh8 27. h3 e3 28. fxe3 Bxe3 29. Nf5 Nf4+ 30. Kf3 Rxh3+ 31. Ke4 Bd2 32. Rd1 Rh2 33. Kd4 Ne6+ 34. Kc4 Bf4 35. Rb1 Kg5 36. Kb5 Bc7 37. a4 Rd2 38. b4 Kxg4 39. Nh6+ Kf4 40. Nxf7 Rd5+ 41. Kc6 Rd3 42. c4 Ra3 43. Re1 Nd4+ 44. Kxc7 Rxa4 45. Kxb6 Rxb4+ 46. Kc5 Nc2 47. Rc1 Rb2 48. Nd6 Na3 49. Kc6 Rc2 50. Rf1+ Ke5 51. c5 Kd4 52. Rd1+ Ke5 53. Nb5 Nc4 54. Re1+ Kf6 55. Nd4 Rb2 56. Kc7 Na5 57. c6 Rb4 58. Rf1+ Ke5 59. Nf3+ Kd5 60. Rd1+ Kc5 61. Rc1+ Rc4 62. Rxc4+ Kxc4 63. Kd7 Nxc6 1/2-1/2

[Event "Mirandola Giovanni Pico op 1st"]
[Site "Mirandola"]
[Date "2008.01.11"]
[Round "1"]
[White "Raisi, Michele"]
[Black "Solinas, Roberto"]
[Result "0-1"]
[WhiteElo "1435"]
[BlackElo "1798"]
[PlyCount "114"]
[EventDate "2008.01.11"]
[EventType "swiss"]
[EventRounds "5"]
[EventCountry "ITA"]
[SourceTitle "EXT 2009"]
[Source "ChessBase"]
[SourceDate "2008.11.26"]
[SourceVersion "1"]
[SourceVersionDate "2008.11.26"]
[SourceQuality "1"]

1. c4 e6 2. Nc3 d5 3. cxd5 exd5 4. g3 c6 5. Bg2 Nf6 6. d3 Be7 7. Nf3 0-0 8. 0-0 Be6 9. a3 a5 10. a4 Nbd7 11. b3 Qc7 12. Ba3 Bxa3 13. Rxa3 Qd6 14. Ra1 Nc5 15. d4 Nce4 16. Rc1 Qb4 17. Qc2 Bg4 18. e3 Bf5 19. Rfe1 Nxg3 20. Qb2 Nge4 21. Nxe4 Bxe4 22. Ne5 Bxg2 23. Kxg2 Qd6 24. f3 Nd7 25. Nd3 Qg6+ 26. Kh1 Qxd3 27. Rc3 Qf5 28. Qg2 Qg6 29. Qh3 Qe6 30. Qg3 Nf6 31. Rg1 g6 32. h4 Rfd8 33. Rg2 Kh8 34. Rh2 Nh5 35. Qe1 Qd6 36. f4 f5 37. Rc5 b6 38. Rc3 c5 39. Rhc2 Rdc8 40. dxc5 Rxc5 41. Rxc5 bxc5 42. Qc3+ Ng7 43. Qxc5 Qxc5 44. Rxc5 h6 45. Rxd5 Rb8 46. Rb5 Rxb5 47. axb5 Ne6 48. Kg1 Kg7 49. Kf2 Kf7 50. Ke2 Nc5 51. b6 Ke7 52. Kd2 Nxb3+ 53. Kc3 Nc5 54. Kc4 Kd6 55. Kb5 a4 56. Kb4 Kc6 57. b7 Kxb7 0-1

[Event "Rivarolo Mantovano Weekend 5th"]
[Site "Rivarolo Mantovano"]
[Date "2007.10.13"]
[Round "2"]
[White "Brugaletta, Giorgio"]
[Black "Raisi, Michele"]
[Result "1-0"]
[WhiteElo "1518"]
[BlackElo "1441"]
[PlyCount "109"]
[EventDate "2007.10.12"]
[EventType "swiss"]
[EventRounds "5"]
[EventCountry "ITA"]
[SourceTitle "EXT 2010"]
[Source "ChessBase"]
[SourceDate "2010.11.25"]
[SourceVersion "1"]
[SourceVersionDate "2010.11.25"]
[SourceQuality "1"]

1. d4 d5 2. c4 e6 3. Nc3 Bb4 4. Bd2 Nf6 5. e3 a6 6. cxd5 Nxd5 7. Nf3 0-0 8. Qc2 Nd7 9. Bd3 N7f6 10. 0-0 Re8 11. a3 Bxc3 12. bxc3 b6 13. e4 Ne7 14. e5 Ng4 15. h3 Nh6 16. Bxh6 gxh6 17. Bxh7+ Kg7 18. Be4 Rb8 19. Rfe1 Bb7 20. Bxb7 Rxb7 21. Qe4 Qd5 22. Qg4+ Ng6 23. h4 Kh7 24. h5 Ne7 25. c4 Qxc4 26. Qe4+ Nf5 27. Qxb7 Rg8 28. Rac1 Qa2 29. Qxc7 Ng3 30. Qc2+ Qxc2 31. Rxc2 Nxh5 32. Rc7 Rg7 33. Re4 Kg6 34. Rg4+ Kh7 35. Rxg7+ Kxg7 36. Rc6 Nf4 37. Rxb6 Kg6 38. Rxa6 Kf5 39. a4 h5 40. Kh2 Kg4 41. Ra8 Nd3 42. a5 Nxf2 43. a6 Kf4 44. a7 Ng4+ 45. Kg1 Kg3 46. Rh8 f5 47. exf6 Nxf6 48. a8Q Ng4 49. Rxh5 e5 50. dxe5 Ne3 51. Rh3+ Kf4 52. Qf8+ Nf5 53. Rh4+ Kg3 54. Qg8+ Ng7 55. Qxg7# 1-0